Statistics for Black-ish Characters

Click here to take the quiz!

General Stats

  • This quiz has been taken 34 times
  • The average score is 10 of 12

Answer Stats

HintCharacter% Correct
MomDr. Rainbow "Bow" Johnson
100%
DadAndre "Dre" Johnson
96%
Second child and oldest sonAndre "Junior" Johnson Jr.
96%
Fourth child, youngest daughter, younger twinDiane Johnson
96%
Third child, son, older twinJackson "Jack" Johnson
96%
First child and oldest daughterZoey Johnson
96%
Dad's Black, eccentric co-workerCharlie Telphy
88%
Dad's fatherEarl "Pops" Johnson
85%
Dad's motherRuby Johnson
85%
Fifth child, youngest sonDeVante Johnson
62%
Dad's white, undervalued co-workerJosh Oppenhol
62%
Dad's white bossLeslie Stevens
62%

Score Distribution

Percentile by Number Answered

Percent of People with Each Score

Your Score History

You have not taken this quiz